Catálogo
 En Linea

Escritos selectos / (Registro nro. 5565)

Detalles MARC
000 -CABECERA
campo de control de longitud fija 00814cam a2200217 a 4500
001 - NÚMERO DE CONTROL
campo de control 000005769
005 - FECHA Y HORA DE LA ÚLTIMA TRANSACCIÓN
campo de control 20200929151757.0
008 - DATOS DE LONGITUD FIJA--INFORMACIÓN GENERAL
campo de control de longitud fija 761019s1966 uy 001 0 spa
040 ## - FUENTE DE LA CATALOGACIÓN
Centro catalogador/agencia de origen DO-SdBNP
Centro/agencia transcriptor FJUNF
Centro/agencia modificador DLC
082 ## - NÚMERO DE LA CLASIFICACIÓN DECIMAL DEWEY
Número de clasificación U868.2
Número de documento/Ítem B533e
100 1# - ENTRADA PRINCIPAL--NOMBRE DE PERSONA
Nombre de persona Berro, Bernardo Prudencio,
Fechas asociadas al nombre 1803-1868.
9 (RLIN) 16334
245 10 - MENCIÓN DE TÍTULO
Título Escritos selectos /
Mención de responsabilidad, etc. Bernardo Prudencio Berro ; prólogo, Juan E. Pivel Devoto.
260 ## - PUBLICACIÓN, DISTRIBUCIÓN, ETC.
Lugar de publicación, distribución, etc. Montevideo, Uruguay :
Nombre del editor, distribuidor, etc. Ministerios de Instrucción Pública y Previsión Social,
Fecha de publicación, distribución, etc. 1966.
300 ## - DESCRIPCIÓN FÍSICA
Extensión lvi, 350 p. ;
Dimensiones 20 cm.
490 0# - MENCIÓN DE SERIE
Mención de serie Biblioteca Artigas.
490 0# - MENCIÓN DE SERIE
Mención de serie Clásicos uruguayos
Designación de volumen o secuencia 111.
650 #4 - PUNTO DE ACCESO ADICIONAL DE MATERIA--TÉRMINO DE MATERIA
Término de materia o nombre geográfico como elemento de entrada Literatura uruguaya
9 (RLIN) 3054
700 1# - PUNTO DE ACCESO ADICIONAL--NOMBRE DE PERSONA
Nombre de persona Pivel Berro, Juan E.,
Término indicativo de función/relación pról.
9 (RLIN) 16335
830 #0 - PUNTO DE ACCESO ADICIONAL DE SERIE-TÍTULO UNIFORME
Título uniforme Biblioteca Artigas.
Nombre de parte o sección de la obra Clásicos uruguayos ;
Designación de volumen o secuencia 111.
9 (RLIN) 16276
910 ## - DATOS DE OPCIÓN DEL USUARIO (OCLC)
Datos de opción del usuario Catalogación por copia / LC
Existencias
Estado de retiro Estado de pérdida Restricciones de uso No para préstamo Código de colección Localización permanente Ubicación/localización actual Ubicación en estantería Fecha de adquisición Número de inventario Total de préstamos Signatura topográfica completa Código de barras Fecha visto por última vez Precio válido a partir de Tipo de ítem Koha
    Préstamo interno   Monografías: Libros y Folletos General General En catalogación 22.08.2009 LF1   U868.2 B533e 5769-10 25.06.2020 25.06.2020 Préstamo interno

Con tecnología Koha